Enseñanza humanística

Saved in:
Bibliographic Details
Main Authors: Clark, Donald H (Author), Kadis, Asya L (Author)
Format: Book
Language:Spanish
Published: Buenos Aires Guadalupe 1973
Series:Biblioteca pedagógica. Sección 1 problemática de la educación, 1
Subjects:
Tags: Add Tag
No Tags, Be the first to tag this record!

MARC

LEADER 00000nam a2200000 a 4500
001 UCY7904
003 CL-VaPUC
008 950623e19730000AG |||||||||||||||||spa|d
082 0 4 |a 370.112  |b CLA  |2 21 
100 0 |a Clark, Donald H  |e author  |9 338803 
700 0 |a Kadis, Asya L  |e author  |9 338804 
245 1 0 |a Enseñanza humanística 
300 |a 214 p 
942 |c BK 
945 |d 19950623 00:00:00  |a mfernand 
260 |a Buenos Aires  |b Guadalupe  |c 1973 
650 0 |a Escuelas  |9 308582 
650 0 |a Docentes  |9 311365 
650 0 |a Alumnos   |9 335074 
650 7 |a RELACION DOCENTE ALUMNO  |2 CL-VaPUC  |9 307734 
650 7 |a RELACION ESCUELA ALUMNO  |2 CL-VaPUC  |9 334718 
650 0 |a Disciplina escolar  |9 271077 
650 0 |a Aprendizaje   |9 254827 
650 7 |a GRUPOS  |2 CL-VaPUC  |9 336429 
650 0 |a Comunidades  |9 337024 
650 7 |a HABITOS  |2 CL-VaPUC  |9 311931 
650 0 |a Modales  |9 338805 
650 0 |a Educación sexual  |9 308005 
583 |a last modification  |c 19950623 00:00:00  |k Rodrigo Vera 
490 0 |a Biblioteca pedagógica. Sección 1 problemática de la educación, 1 
999 |c 235200  |d 235198 
952 |0 0  |1 0  |4 0  |6 370_112000000000000_CLA_1973  |7 0  |8 A  |9 242440  |a BIBEDU  |b BIBEDU  |d 2019-11-18  |i 1520679  |o 370.112 CLA 1973  |p 1520679  |r 2019-11-18  |w 2019-11-18  |y BK  |k EDU 
952 |0 0  |1 0  |4 0  |6 370_112000000000000_CLA_1973  |7 0  |8 A  |9 242441  |a BIBEDU  |b BIBEDU  |d 2019-11-18  |i 1629433  |o 370.112 CLA 1973  |p 1629433  |r 2019-11-18  |w 2019-11-18  |y BK  |k EDU